000 00632nam a2200229 a 4500
999 _c9271
_d9271
001 9271
003 BD-JhCC
005 20180521102408.0
008 180312s1988 bg |||| |||| 001 0 eng d
035 _a(BD-JhCC)9271
040 _aBD-JhCC
_dBD-JhCC
041 _aeng
082 _a322.5095492
_bAHA 1988
100 _aAhamed, Emajuddin
245 _aMilitary rule and the myth of democracy /
_cEmajuddin Ahamed
260 _aDhaka:
_bUniversity press Limited,
_c1988.
300 _a148 p.:
_c23 cm.
504 _aInclude Index
650 _aPolitics and government
_zBangladesh
942 _2ddc
_cBK